| 000 | 00327nam a2200133Ia 4500 | ||
|---|---|---|---|
| 005 | 20260326100036.0 | ||
| 008 | 260326s9999||||xx |||||||||||||| ||und|| | ||
| 100 | _aPellicer, A.Cirici | ||
| 245 | 0 |
_aEl Renacimiento en Italia / _cA.Cirici Pellicer |
|
| 260 | _bRamón Sopena | ||
| 300 | _a216 p. | ||
| 650 | _aARTE | ||
| 942 | _cBK | ||
| 999 |
_c6797 _d6797 |
||